The Molly Maguires /

Bibliographic Details
Main Author: Broehl, Wayne G.
Format: Book
Language:English
Published: Cambridge : Harvard University Press, 1964.
Subjects:

MARC

Tag First Indicator Second Indicator Subfields
LEADER 00000cam a2200000 4500
001 in00000061239
005 20151008051639.0
008 720316s1964 mau b 00000 eng u
010 |a  64021239  
035 |a (OCoLC)00265057 
035 |9 AAG9165AM 
040 |c WSU  |d TXA  |d UtOrBLW 
049 |a TXAM  |c [406625] 
050 0 |a HV6452.P4  |b M6 1964a 
092 |a 364.14  |b B865m 
100 1 |a Broehl, Wayne G. 
245 1 4 |a The Molly Maguires /  |c [by] Wayne G. Broehl, Jr. 
264 1 |a Cambridge :  |b Harvard University Press,  |c 1964. 
300 |a 409 pages 
336 |a text  |b txt  |2 rdacontent 
337 |a unmediated  |b n  |2 rdamedia 
338 |a volume  |b nc  |2 rdacarrier 
504 |a Bibliographical references included in "Notes" (pages [371]-398). 
610 2 0 |a Molly Maguires (Organization) 
650 0 |a Coal miners  |z Pennsylvania. 
999 |a MARS 
999 f f |s 1ab9dc0c-f0a8-3b27-b6b4-72ec6cdc82c4  |i 1a618be2-e8fd-32d8-bd5c-3b4b29227cdf  |t 0 
952 f f |p ric  |a Texas A&M University  |b Rellis Campus  |c Joint Library Facility  |d Remote Storage  |t 0  |e HV6452.P4 M6 1964a  |h Library of Congress classification  |i unmediated -- volume  |m A14800812470 
998 f f |a HV6452.P4 M6 1964a  |t 0  |l Remote Storage